[Event "Asia-ch Blitz U20"]
[Site "Jamshedpur"]
[Date "2023.09.15"]
[Round "5"]
[White "Avinash, Ramesh"]
[Black "Sharnarthi, Viresh"]
[Result "1-0"]
[WhiteElo "2316"]
[BlackElo "1825"]
[PlyCount "91"]
[EventDate "2023.09.15"]
[EventType "swiss (blitz)"]
[EventRounds "9"]
[EventCountry "IND"]
[SourceTitle "EXT 2024"]
[Source "ChessBase"]
[SourceDate "2023.10.10"]
[SourceVersion "1"]
[SourceVersionDate "2023.10.10"]
[SourceQuality "1"]

1. c4 Nf6 2. Nc3 g6 3. g3 Bg7 4. Bg2 d6 5. Nf3 0-0 6. 0-0 Nc6 7. Rb1 e5 8. d3 h6 9. b4 Ne8 10. b5 Ne7 11. a4 f5 12. Nd2 a5 13. Ba3 Rb8 14. c5 e4 15. cxd6 Nxd6 16. Rc1 exd3 17. exd3 b6 18. Nc4 Nxc4 19. dxc4 Bf6 20. Nd5 Bg5 21. f4 Nxd5 22. Qxd5+ Qxd5 23. Bxd5+ Kg7 24. Bxf8+ Kxf8 25. fxg5 Bb7 26. Bxb7 Rxb7 27. gxh6 Kg8 28. Rcd1 Kh7 29. Rd7+ Kxh6 30. Re1 Rb8 31. Ree7 Kg5 32. h4+ Kg4 33. Kg2 Rh8 34. Rh7 Rxh7 35. Rxh7 f4 36. gxf4 Kxf4 37. Rxc7 Kg4 38. c5 bxc5 39. b6 c4 40. b7 c3 41. b8Q c2 42. Rc4+ Kf5 43. Qb5+ Ke6 44. Rc6+ Kd7 45. Qb7+ Kd8 46. Rc8# 1-0

[Event "Asia-ch Blitz U20"]
[Site "Jamshedpur"]
[Date "2023.09.15"]
[Round "3"]
[White "Rohit, Krishna S"]
[Black "Sharnarthi, Viresh"]
[Result "1-0"]
[WhiteElo "2420"]
[BlackElo "1825"]
[PlyCount "59"]
[EventDate "2023.09.15"]
[EventType "swiss (blitz)"]
[EventRounds "9"]
[EventCountry "IND"]
[SourceTitle "EXT 2024"]
[Source "ChessBase"]
[SourceDate "2023.10.10"]
[SourceVersion "1"]
[SourceVersionDate "2023.10.10"]
[SourceQuality "1"]

1. d4 Nf6 2. c4 g6 3. Nc3 Bg7 4. Nf3 d6 5. g3 0-0 6. Bg2 Nc6 7. d5 Na5 8. Nd2 c5 9. 0-0 a6 10. Qc2 Rb8 11. b3 b5 12. Rb1 e6 13. Bb2 b4 14. Nd1 exd5 15. cxd5 Qe7 16. e4 Nb7 17. Ne3 a5 18. Rbe1 a4 19. f4 axb3 20. axb3 Nd7 21. Nec4 Ra8 22. e5 Nb8 23. Ne4 Bf5 24. exd6 Nxd6 25. Bxg7 Bxe4 26. Bxf8 Bxc2 27. Bxe7 Nxc4 28. bxc4 b3 29. d6 Ra7 30. Bf6 1-0

[Event "Asia-ch U20"]
[Site "Jamshedpur"]
[Date "2023.09.13"]
[Round "7"]
[White "Sharnarthi, Viresh"]
[Black "Kushagra, Mohan"]
[Result "0-1"]
[WhiteElo "1764"]
[BlackElo "2410"]
[PlyCount "120"]
[EventDate "2023.09.09"]
[EventType "swiss"]
[EventRounds "9"]
[EventCountry "IND"]
[SourceTitle "EXT 2024"]
[Source "ChessBase"]
[SourceDate "2023.10.10"]
[SourceVersion "1"]
[SourceVersionDate "2023.10.10"]
[SourceQuality "1"]

1. d4 Nf6 2. c4 g6 3. g3 Bg7 4. Bg2 d5 5. Nf3 dxc4 6. Ne5 0-0 7. Nxc4 Nc6 8. e3 Be6 9. Ncd2 Qd7 10. Nb3 Bh3 11. Nc5 Qf5 12. Qf3 Bxg2 13. Qxg2 Nb4 14. e4 Nc2+ 15. Kd1 Nxe4 16. Qxe4 Qxe4 17. Nxe4 Nxa1 18. Be3 Rfd8 19. Kc1 Bxd4 20. Nbc3 Bxe3+ 21. fxe3 Rd3 22. Re1 Rad8 23. Re2 b6 24. g4 f5 25. gxf5 gxf5 26. Ng5 R8d6 27. Nh3 Rg6 28. Re1 e5 29. Nf2 Rd7 30. e4 f4 31. h3 h5 32. Rf1 c6 33. Kb1 Rg3 34. Kxa1 Rd2 35. Kb1 Rf3 36. Rg1+ Kf7 37. Ncd1 Rdxf2 38. Nxf2 Rxf2 39. Rg5 Ke6 40. Rxh5 Re2 41. Rh6+ Kd7 42. h4 f3 43. Rf6 f2 44. h5 Re1+ 45. Kc2 f1Q 46. Rxf1 Rxf1 47. h6 Rh1 48. h7 Rxh7 49. a4 Kd6 50. a5 bxa5 51. b4 axb4 52. Kb3 Kc5 53. Kc2 Kc4 54. Kd2 b3 55. Ke3 b2 56. Kf3 b1Q 57. Kg4 Qxe4+ 58. Kg5 Rf7 59. Kh6 Qg2 60. Kh5 Rh7# 0-1

[Event "Asia-ch U20"]
[Site "Jamshedpur"]
[Date "2023.09.12"]
[Round "5"]
[White "Sharnarthi, Viresh"]
[Black "Adireddy, Arjun"]
[Result "1/2-1/2"]
[WhiteElo "1764"]
[BlackElo "2057"]
[PlyCount "121"]
[EventDate "2023.09.09"]
[EventType "swiss"]
[EventRounds "9"]
[EventCountry "IND"]
[SourceTitle "EXT 2024"]
[Source "ChessBase"]
[SourceDate "2023.10.10"]
[SourceVersion "1"]
[SourceVersionDate "2023.10.10"]
[SourceQuality "1"]

1. Nf3 d5 2. g3 Nf6 3. Bg2 c6 4. d4 Bf5 5. c4 e6 6. Nc3 Nbd7 7. Qb3 Qb6 8. c5 Qc7 9. Bf4 Qc8 10. 0-0 h6 11. Rfe1 g5 12. Be5 Be7 13. Bxf6 Nxf6 14. Ne5 Qc7 15. e4 dxe4 16. Nxe4 Nxe4 17. Bxe4 Bxe4 18. Rxe4 0-0 19. h4 Rad8 20. hxg5 hxg5 21. Kg2 Rd5 22. Rh1 Bxc5 23. Qf3 f5 24. Rh6 fxe4 25. Rg6+ Qg7 26. Rxg7+ Kxg7 27. Qxe4 Rxf2+ 28. Kxf2 Bxd4+ 29. Kg2 Bxe5 30. Qb4 Rd7 31. Qe4 Kf6 32. Qf3+ Ke7 33. Qa3+ Kf7 34. Qf3+ Bf6 35. Qh5+ Kg7 36. Qe2 e5 37. Qg4 Re7 38. Qe4 Rd7 39. Qg4 Re7 40. Qe4 Rd7 41. Qg4 Rd2+ 42. Kf3 Rd3+ 43. Ke2 e4 44. Qxe4 Rxg3 45. Kf2 Rh3 46. Kg2 Rh4 47. Qe6 Rd4 48. Qc8 Rd2+ 49. Kf3 Rxb2 50. Qd7+ Kg6 51. Qe8+ Kh6 52. Qf8+ Bg7 53. Qd6+ Kh5 54. Qd7 Kg6 55. Qe8+ Kf6 56. Qd8+ Kg6 57. Qe8+ Kf6 58. Qd8+ Ke6 59. Qg8+ Kf6 60. Qd8+ Ke6 61. Qg8+ 1/2-1/2

[Event "Asia-ch Rapid U20"]
[Site "Jamshedpur"]
[Date "2023.09.08"]
[Round "9"]
[White "Boominathan, Lalitaditaayyanar"]
[Black "Sharnarthi, Viresh"]
[Result "1/2-1/2"]
[WhiteElo "1534"]
[BlackElo "1847"]
[PlyCount "75"]
[EventDate "2023.09.08"]
[EventType "swiss (rapid)"]
[EventRounds "9"]
[EventCountry "IND"]
[SourceTitle "EXT 2024"]
[Source "ChessBase"]
[SourceDate "2023.10.10"]
[SourceVersion "1"]
[SourceVersionDate "2023.10.10"]
[SourceQuality "1"]

1. Nf3 Nf6 2. g3 g6 3. Bg2 Bg7 4. 0-0 0-0 5. d3 d6 6. e4 e5 7. h3 Nbd7 8. Be3 d5 9. exd5 Nxd5 10. Bg5 f6 11. Bd2 c6 12. Nc3 N7b6 13. Qe2 h6 14. Rae1 Kh7 15. d4 exd4 16. Nxd4 f5 17. Nxd5 Nxd5 18. c3 Bd7 19. Ne6 Bxe6 20. Qxe6 Re8 21. Qf7 Qf6 22. Bxd5 cxd5 23. Qxf6 Bxf6 24. Rxe8 Rxe8 25. Be3 b6 26. Rd1 Rd8 27. Bd4 Kg7 28. f4 Bxd4+ 29. Rxd4 Kf6 30. Kf2 Ke6 31. Ke3 Rc8 32. Rd1 Kd6 33. Kd3 Re8 34. c4 dxc4+ 35. Kxc4+ Kc6 36. Rd3 Re4+ 37. Kc3 Re8 38. Kc4 1/2-1/2

[Event "Asia-ch Rapid U20"]
[Site "Jamshedpur"]
[Date "2023.09.08"]
[Round "3"]
[White "Kushagra, Mohan"]
[Black "Sharnarthi, Viresh"]
[Result "1/2-1/2"]
[WhiteElo "2261"]
[BlackElo "1847"]
[PlyCount "124"]
[EventDate "2023.09.08"]
[EventType "swiss (rapid)"]
[EventRounds "9"]
[EventCountry "IND"]
[SourceTitle "EXT 2024"]
[Source "ChessBase"]
[SourceDate "2023.10.10"]
[SourceVersion "1"]
[SourceVersionDate "2023.10.10"]
[SourceQuality "1"]

1. e4 c5 2. Nf3 d6 3. d4 cxd4 4. Nxd4 Nf6 5. Nc3 a6 6. h3 e5 7. Nf3 h5 8. Bc4 b5 9. Bd5 Nxd5 10. Nxd5 Bb7 11. 0-0 Nd7 12. Re1 Bxd5 13. Qxd5 Rc8 14. c3 Nb6 15. Qd3 Be7 16. Be3 Nc4 17. Bc1 0-0 18. b3 Nb6 19. Be3 g6 20. Nd2 Nd7 21. Nf1 Nf6 22. a4 d5 23. axb5 axb5 24. Nd2 b4 25. cxb4 Bxb4 26. Bg5 dxe4 27. Qxd8 Rfxd8 28. Nxe4 Nxe4 29. Rxe4 Bc3 30. Bxd8 Bxa1 31. Bf6 Rb8 32. b4 Rb6 33. Bd8 Rc6 34. b5 Rc1+ 35. Kh2 Rb1 36. Ra4 Bd4 37. Bf6 g5 38. Bxg5 Bxf2 39. g4 Rb2 40. Kh1 h4 41. Ra8+ Kg7 42. Rb8 e4 43. Bf4 Bd4 44. Re8 Rb1+ 45. Kg2 Rg1+ 46. Kh2 Rf1 47. Bc7 e3 48. b6 Rb1 49. Kg2 Bxb6 50. Bxb6 Rxb6 51. Rxe3 Rb2+ 52. Kf3 Rb4 53. Ra3 Kf6 54. Ra6+ Kg5 55. Ra5+ Kg6 56. Rh5 Rb3+ 57. Kg2 Rb2+ 58. Kf1 Rb1+ 59. Ke2 Rb2+ 60. Kd1 Rb1+ 61. Kc2 Rh1 62. Rxh4 f5 1/2-1/2

[Event "Asia-ch Rapid U20"]
[Site "Jamshedpur"]
[Date "2023.09.08"]
[Round "7"]
[White "Mukesh, Kumar1111"]
[Black "Sharnarthi, Viresh"]
[Result "0-1"]
[WhiteElo "1486"]
[BlackElo "1847"]
[PlyCount "65"]
[EventDate "2023.09.08"]
[EventType "swiss (rapid)"]
[EventRounds "9"]
[EventCountry "IND"]
[SourceTitle "EXT 2024"]
[Source "ChessBase"]
[SourceDate "2023.10.10"]
[SourceVersion "1"]
[SourceVersionDate "2023.10.10"]
[SourceQuality "1"]

1. Nf3 Nf6 2. d4 g6 3. Bf4 Bg7 4. Nc3 d5 5. h4 h5 6. Ne5 0-0 7. Qd2 Nc6 8. f3 Nd7 9. Nxc6 bxc6 10. 0-0-0 e5 11. Bg5 Qe8 12. Bh6 Bxh6 13. Qxh6 exd4 14. Rxd4 Qe5 15. Rd1 Nf6 16. e4 d4 17. Ne2 c5 18. Kb1 Rb8 19. Nc1 a5 20. Bc4 Nh7 21. Qxg6+ Kh8 22. Qh6 Rb6 23. Qd2 Be6 24. Nd3 Qd6 25. Bxe6 fxe6 26. Qxa5 c4 27. Qe5+ Kg8 28. Qxd6 cxd6 29. Nf2 e5 30. Kc1 Ra8 31. Kb1 Rba6 32. a3 c3 33. bxc3 0-1

[Event "Bhubaneswar op-A 14th"]
[Site "Bhubaneswar"]
[Date "2023.06.13"]
[Round "4"]
[White "Sharnarthi, Viresh"]
[Black "Rudradaman, Mertia"]
[Result "1-0"]
[WhiteElo "1781"]
[BlackElo "1482"]
[PlyCount "123"]
[EventDate "2023.06.11"]
[EventType "swiss"]
[EventRounds "10"]
[EventCountry "IND"]
[SourceTitle "CBM 214 Extra"]
[Source "ChessBase"]
[SourceDate "2023.07.31"]
[SourceVersion "1"]
[SourceVersionDate "2023.07.31"]
[SourceQuality "1"]

1. d4 Nf6 2. Nf3 e6 3. c4 b6 4. g3 Bb7 5. Bg2 Be7 6. 0-0 0-0 7. b3 c6 8. Nc3 d5 9. Bb2 Nbd7 10. Rc1 Rc8 11. Ne5 Nxe5 12. dxe5 Nd7 13. cxd5 exd5 14. f4 Ba6 15. a3 Bc5+ 16. Kh1 Be3 17. Ra1 f5 18. b4 d4 19. Na2 c5 20. b5 Bxb5 21. Qb3+ c4 22. Qxb5 Kh8 23. Bc1 a6 24. Qb4 Nc5 25. Bxe3 dxe3 26. Rad1 Qe8 27. Nc3 b5 28. Nd5 Nd3 29. Qe7 Nf2+ 30. Kg1 Nxd1 31. Qxe8 Rfxe8 32. Rxd1 c3 33. Rc1 a5 34. Nxe3 b4 35. axb4 axb4 36. Bd5 g6 37. Kf2 Red8 38. Bb3 Ra8 39. Nc2 Rab8 40. Ra1 Ra8 41. Rxa8 Rxa8 42. e6 Kg7 43. Nxb4 Kf8 44. Nd5 Ra3 45. e7+ Kf7 46. Bc4 c2 47. Nb4+ Kxe7 48. Nxc2 Ra8 49. Bd3 Rd8 50. Ne1 Kf6 51. Nf3 h6 52. Nh4 Ra8 53. g4 Ra4 54. gxf5 Rxf4+ 55. Kg3 g5 56. Nf3 Ra4 57. e4 h5 58. e5+ Ke7 59. f6+ Kf8 60. e6 h4+ 61. Kf2 Ra5 62. e7+ 1-0

[Event "Vrindavana MMT op"]
[Site "Mathura"]
[Date "2023.04.26"]
[Round "8"]
[White "Rajesh, VAV"]
[Black "Sharnarthi, Viresh"]
[Result "1-0"]
[WhiteElo "2323"]
[BlackElo "1601"]
[PlyCount "73"]
[EventDate "2023.04.23"]
[EventType "swiss"]
[EventRounds "9"]
[EventCountry "IND"]
[SourceTitle "CBM 213 Extra"]
[Source "ChessBase"]
[SourceDate "2023.05.31"]
[SourceVersion "1"]
[SourceVersionDate "2023.05.31"]
[SourceQuality "1"]

1. d4 Nf6 2. c4 g6 3. Nc3 Bg7 4. e4 d6 5. h3 c6 6. Nf3 a6 7. a4 0-0 8. Be3 e5 9. d5 Ne8 10. g4 f5 11. gxf5 gxf5 12. exf5 Bxf5 13. Rg1 Kh8 14. Ng5 Nf6 15. Bd3 e4 16. Ncxe4 cxd5 17. Nxf6 Qxf6 18. Bxf5 Qxf5 19. Qxd5 Be5 20. f4 Nc6 21. fxe5 Nb4 22. Qe4 Nc2+ 23. Kd2 Nxe3 24. Qxe3 dxe5 25. Raf1 Rad8+ 26. Kc3 Qxf1 27. Rxf1 Rxf1 28. Qxe5+ Kg8 29. Qe7 Rdd1 30. Ne6 Rf3+ 31. Kc2 Rc1+ 32. Kxc1 Rf1+ 33. Kc2 Rf2+ 34. Kb3 Rf3+ 35. Ka2 Rf7 36. Qe8+ Rf8 37. Qxf8# 1-0

[Event "Mumbai Wealth op 7th"]
[Site "Mumbai"]
[Date "2022.12.27"]
[Round "3"]
[White "Arnav, Mahesh Koli"]
[Black "Sharnarthi, Viresh"]
[Result "1/2-1/2"]
[WhiteElo "1462"]
[BlackElo "1803"]
[PlyCount "122"]
[EventDate "2022.12.26"]
[EventType "swiss"]
[EventRounds "9"]
[EventCountry "IND"]
[SourceTitle "EXT 2024"]
[Source "ChessBase"]
[SourceDate "2023.10.10"]
[SourceVersion "1"]
[SourceVersionDate "2023.10.10"]
[SourceQuality "1"]

1. e4 c5 2. Nf3 e6 3. d4 cxd4 4. Nxd4 a6 5. Nc3 Qc7 6. Be3 Bb4 7. Qd2 Nf6 8. Bd3 d5 9. exd5 Nxd5 10. Nde2 Nc6 11. 0-0 Nxe3 12. Qxe3 0-0 13. Ne4 Be7 14. c3 f5 15. Ng5 Qe5 16. Nf3 Qxe3 17. fxe3 e5 18. Bc4+ Kh8 19. Bd5 Bf6 20. Rad1 Ne7 21. Bb3 b5 22. Rd6 Bb7 23. Rfd1 a5 24. Nxe5 Bxe5 25. Rd7 Bxg2 26. Kxg2 Ng6 27. Rb7 b4 28. cxb4 a4 29. Bf7 Bxb2 30. Bxg6 hxg6 31. Nf4 Kh7 32. Rdd7 Rfe8 33. Kf3 Rab8 34. b5 Rxb7 35. Rxb7 g5 36. Nd5 g4+ 37. Kf4 Kh6 38. Re7 Rf8 39. Re6+ Kh5 40. Kg3 Kg5 41. b6 Rb8 42. Nf4 Bf6 43. Rc6 Kh6 44. Nd3 Kg5 45. Nc5 Be5+ 46. Kg2 Rh8 47. Ne6+ Kf6 48. Nd8+ Ke7 49. Re6+ Kxd8 50. Rxe5 Rh6 51. Rb5 Kc8 52. b7+ Kb8 53. Rxf5 Rb6 54. Rf7 Rb2+ 55. Kg3 Rxa2 56. Rxg7 Ra1 57. Kg2 Ra2+ 58. Kg3 Re2 59. Rxg4 Rxe3+ 60. Kh4 a3 61. Ra4 Kxb7 1/2-1/2

[Event "IND-ch U12"]
[Site "Srinivasapura"]
[Date "2022.04.12"]
[Round "8"]
[White "Haridev, S."]
[Black "Sharnarthi, Viresh"]
[Result "1-0"]
[WhiteElo "1492"]
[BlackElo "1549"]
[PlyCount "139"]
[EventDate "2022.04.09"]
[EventType "swiss"]
[EventRounds "11"]
[EventCountry "IND"]
[SourceTitle "EXT 2023"]
[Source "ChessBase"]
[SourceDate "2022.10.05"]
[SourceVersion "1"]
[SourceVersionDate "2022.10.05"]
[SourceQuality "1"]

1. e4 c5 2. Nf3 d6 3. d4 cxd4 4. Nxd4 Nf6 5. f3 a6 6. c4 e6 7. Nc3 Be7 8. Be3 0-0 9. Be2 b6 10. 0-0 Bb7 11. Rc1 Nbd7 12. Qb3 Rc8 13. Rfd1 Re8 14. a3 Qc7 15. Na4 Bc6 16. Nxc6 Qxc6 17. Nc3 Bf8 18. g3 Qb7 19. Qa2 Ne5 20. h3 b5 21. cxb5 axb5 22. Qb3 Rb8 23. Na2 Ng6 24. Nb4 d5 25. exd5 exd5 26. Nc6 Rbc8 27. Nd4 Qb8 28. Bf2 Bc5 29. Rxc5 Rxc5 30. Bxb5 Rec8 31. a4 Rc1 32. Kg2 Nh5 33. Rxc1 Rxc1 34. f4 Qc8 35. Ne2 Rc2 36. Bd3 Rc7 37. Qxd5 Rd7 38. Qc4 Qb7+ 39. Be4 Qb8 40. b4 Nf6 41. Bf3 Rc7 42. Qb3 h5 43. b5 Rd7 44. b6 h4 45. b7 hxg3 46. Ba7 Rxb7 47. Qxb7 Nxf4+ 48. Nxf4 Qxf4 49. Qb8+ Qxb8 50. Bxb8 Nd7 51. Bxg3 Nc5 52. a5 Na6 53. Bd6 f6 54. Bd5+ Kh7 55. Bc4 f5 56. Bxa6 f4 57. Bxf4 g5 58. Bxg5 Kg6 59. h4 Kh5 60. Kg3 Kg6 61. Bc4 Kg7 62. a6 Kh7 63. a7 Kg7 64. Bf1 Kg6 65. a8Q Kg7 66. Qe8 Kh7 67. Bd3+ Kg7 68. Qe7+ Kg8 69. Bh7+ Kh8 70. Bf6# 1-0

[Event "Kolhapur Kulkarni Memorial"]
[Site "Kolhapur"]
[Date "2021.12.08"]
[Round "8"]
[White "Kiran, Panditrao"]
[Black "Sharnarthi, Viresh"]
[Result "1/2-1/2"]
[WhiteElo "1898"]
[BlackElo "1456"]
[PlyCount "74"]
[EventDate "2021.12.04"]
[EventType "swiss"]
[EventRounds "10"]
[EventCountry "IND"]
[SourceTitle "EXT 2023"]
[Source "ChessBase"]
[SourceDate "2022.10.05"]
[SourceVersion "1"]
[SourceVersionDate "2022.10.05"]
[SourceQuality "1"]

1. e4 c5 2. Nf3 d6 3. d4 cxd4 4. Nxd4 Nf6 5. Nc3 a6 6. Bg5 e6 7. f4 Be7 8. Qf3 Qc7 9. 0-0-0 Nbd7 10. Bd3 b5 11. Rhe1 Bb7 12. Qg3 Rc8 13. e5 dxe5 14. fxe5 Nd5 15. Bxe7 Nxe7 16. Bxb5 axb5 17. Ndxb5 Qb6 18. Qxg7 Rg8 19. Qxh7 Nf8 20. Qh5 Nf5 21. g4 Bf3 22. h3 Bxd1 23. Rxd1 Rd8 24. Rf1 Qe3+ 25. Kb1 Rg7 26. gxf5 Rg1 27. Rd1 Rdxd1+ 28. Nxd1 Qxe5 29. a4 Nd7 30. Qf3 Re1 31. fxe6 fxe6 32. Ka2 Re2 33. Qd3 Nc5 34. Qg6+ Kf8 35. Qh6+ Kg8 36. Qg6+ Kf8 37. Qh6+ Kg8 1/2-1/2

[Event "Kolhapur Kulkarni Memorial"]
[Site "Kolhapur"]
[Date "2021.12.06"]
[Round "4"]
[White "Bartakke, Aditya"]
[Black "Sharnarthi, Viresh"]
[Result "1-0"]
[WhiteElo "1678"]
[BlackElo "1456"]
[PlyCount "73"]
[EventDate "2021.12.04"]
[EventType "swiss"]
[EventRounds "10"]
[EventCountry "IND"]
[SourceTitle "EXT 2023"]
[Source "ChessBase"]
[SourceDate "2022.10.05"]
[SourceVersion "1"]
[SourceVersionDate "2022.10.05"]
[SourceQuality "1"]

1. e4 c5 2. Nf3 d6 3. d4 cxd4 4. Nxd4 Nf6 5. Nc3 a6 6. Bd3 e5 7. Nb3 Be7 8. 0-0 b5 9. f4 Bb7 10. a3 Nbd7 11. Qf3 Rc8 12. Kh1 h5 13. Be3 h4 14. Qh3 Nh5 15. f5 Bg5 16. Ne2 d5 17. f6 gxf6 18. Bxg5 fxg5 19. exd5 Ndf6 20. Nc3 Rxc3 21. bxc3 Nxd5 22. Qf5 Qc7 23. Rae1 Ndf4 24. Rxe5+ Kf8 25. Rxf4 gxf4 26. Nd4 Bc8 27. Qe4 Qd7 28. Nf5 a5 29. Rd5 Qc7 30. Qd4 f6 31. Rd8+ Kf7 32. Rxh8 Qc6 33. Rh7+ Ng7 34. Rxg7+ Ke8 35. Re7+ Kf8 36. Qd8+ Qe8 37. Qxe8# 1-0

[Event "Kolhapur Kulkarni Memorial"]
[Site "Kolhapur"]
[Date "2021.12.06"]
[Round "5"]
[White "Sharnarthi, Viresh"]
[Black "Bartakke, Amardeep S"]
[Result "0-1"]
[WhiteElo "1456"]
[BlackElo "2177"]
[PlyCount "86"]
[EventDate "2021.12.04"]
[EventType "swiss"]
[EventRounds "10"]
[EventCountry "IND"]
[SourceTitle "EXT 2023"]
[Source "ChessBase"]
[SourceDate "2022.10.05"]
[SourceVersion "1"]
[SourceVersionDate "2022.10.05"]
[SourceQuality "1"]

1. d4 Nf6 2. c4 e6 3. g3 d5 4. Nf3 c6 5. Bg2 Bd6 6. 0-0 0-0 7. Nc3 Nbd7 8. Bg5 h6 9. Bf4 Bxf4 10. gxf4 dxc4 11. e4 b5 12. Ne5 Bb7 13. Nxd7 Qxd7 14. e5 Nd5 15. Ne4 Nxf4 16. Nc5 Qe7 17. Be4 f5 18. Bf3 Rad8 19. a4 Nd3 20. b4 Nxc5 21. bxc5 b4 22. Rc1 c3 23. Re1 a5 24. Be2 Rd7 25. Bc4 Rfd8 26. Qb3 Kf7 27. Re3 Rxd4 28. Rg3 Bc8 29. Be2 Qxc5 30. Bf3 Rd2 31. Rg2 Rb2 32. Bh5+ Kf8 33. Qd1 Rxd1+ 34. Rxd1 Rd2 35. Rc1 b3 36. Kh1 Rxf2 37. Rg3 b2 38. Rd1 Rd2 39. Rdg1 Qxe5 40. Bf3 c2 41. Bxc6 c1Q 42. Rxc1 bxc1Q+ 43. Rg1 Rxh2# 0-1

[Event "Eastern Asia-ch U12"]
[Site "Tornelo INT"]
[Date "2021.10.29"]
[Round "1"]
[White "Ekam, Singh"]
[Black "Sharnarthi, Viresh"]
[Result "0-1"]
[WhiteElo "1032"]
[BlackElo "1445"]
[PlyCount "120"]
[EventDate "2021.10.29"]
[EventType "swiss"]
[EventRounds "9"]
[EventCountry "NET"]
[SourceTitle "EXT 2023"]
[Source "ChessBase"]
[SourceDate "2022.10.05"]
[SourceVersion "1"]
[SourceVersionDate "2022.10.05"]
[SourceQuality "1"]

1. c4 e5 2. Nc3 Nc6 3. Nf3 Bc5 4. e4 Nf6 5. d3 h6 6. a3 a5 7. g3 d6 8. Bg2 Be6 9. 0-0 0-0 10. Be3 Nd4 11. Bxd4 exd4 12. Ne2 Bg4 13. Qd2 Bxf3 14. Bxf3 a4 15. Rfb1 Nd7 16. b4 axb3 17. Rxb3 Ne5 18. Bg2 Bb6 19. a4 Ra5 20. Rb5 Qa8 21. f4 Ng4 22. Rxa5 Qxa5 23. Qxa5 Bxa5 24. Rb1 Bb6 25. a5 Bxa5 26. Rxb7 Bb6 27. h3 Ne3 28. e5 dxe5 29. fxe5 Ra8 30. Nf4 Ra1+ 31. Kh2 Ra2 32. Kg1 Nxg2 33. Nxg2 Re2 34. Rb8+ Kh7 35. Re8 g5 36. Kf1 Rd2 37. Ne1 Ba5 38. e6 fxe6 39. Rxe6 Rd1 40. Re5 Bb4 41. Kf2 Kg6 42. g4 Kf6 43. Re4 Bxe1+ 44. Rxe1 Rxe1 45. Kxe1 Ke5 46. Kf2 Kf4 47. c5 c6 48. Ke2 Kg3 49. Kd2 Kxh3 50. Kc2 Kxg4 51. Kb3 h5 52. Ka4 h4 53. Ka5 h3 54. Kb6 h2 55. Kxc6 h1Q+ 56. Kb6 Qf3 57. c6 Qxd3 58. c7 Qc4 59. Kb7 Qxc7+ 60. Kxc7 d3 0-1